Normal view
MARC view
Entry Personal Name
001 - CONTROL NUMBER
- control field: 25832
003 - CONTROL NUMBER IDENTIFIER
- control field: ARRUPE
005 - DATE AND TIME OF LATEST TRANSACTION
- control field: 20160914120542.0
008 - FIXED-LENGTH DATA ELEMENTS
- fixed length control field: 160914|| aca||aabn | a|a d
040 ## - CATALOGING SOURCE
- Original cataloging agency: ARRUPE
- Transcribing agency: ARRUPE
100 ## - HEADING--PERSONAL NAME
- Personal name: Herskovits, Melville J.
- Fuller form of name: (Melville Jean),
- Dates associated with a name: 1895-1963.
670 ## - SOURCE DATA FOUND
- Source citation: Work cat.: (ARRUPE)0: Herskovits, Melville J. (Melville Jean), 1895-1963., Man and his works :, c1948.